1038 1495 1422 1994 1326 1924 1960 1639 1325 1457 1507 1899 1765 1446 1774 1767 1686 1671 1797 1291 1898 1797 1309 1681 1373 1152 1286 1919 1490 1473 1991 1077 1500 1785 1411 1421 1291 1165 1654 1234 1985 1908 1438 1321 1190 1192 1034 1858 1016 1832 1718 1736 1471 1609 1749 1152 1231 1004 1888 1597 1120 1259 1058 1690 1758 1503 1775 1485 1141 1370 1938 1624 1584 1838 1955 1548 1223 1229 1924 1357 1440 1158 1099 1460 1737 1131 1353 1843 1383 1407 1114 1411 1763 1621 1560 1369 1839 1214 1169 BCNSPRNW ULIB Ver.6.0+V

เปลี่ยนเป็นภาษาไทย

Change to English
 แสดงรายละเอียดบรรณานุกรม
  กลับหน้าหลัก

Brief Record : Get Marc (ISO 2709) : E-mail record : QR code < ปิดหน้าต่าง
LEADER : 00000nam 2200000uu 4500
001    13399113134
003     ULIB
008    110927s2548||||th 000 0 tha d
020    9789742986742
050 04 Q158.5^bP111 2548
100 1  โทลา, โจเซ่
245 10 แร่ และ ซากดึกดำบรรพ์ = Essential Atlas of Fossils and Minerals /^cTola Jose ; ปริศนา สิริอาชา แปล
246 31 Essential Atlas of Fossils and Minerals
260    กรุงเทพฯ :^bชมรมเด็ก,^c2548
300    96 หน้า :^bภาพประกอบ, ตาราง
504    บรรณานุกรม: หน้า 96
650  7 แร่
650  7 ซากดึกดำบรรพ์
700 00 ปริศนา สิริอาชา,^eผู้แปล
945    ^p300^l0^i026587
995    ทศพร
999 ^a ทศพร
รายการนี้ยังไม่มีแท็ก
คุณยังไม่ได้ล็อกอิน คุณสามารถมีกิจกรรมร่วมกับเว็บไซต์ได้ แต่ต้องล็อกอินก่อน ::
  ล็อกอิน

รายการสื่อสารสนเทศ

ลำดับที่ ประเภท เลขเรียก/บาร์โค้ด สถานที่ สถานะ
- ไม่พบข้อมูล -

รายการใกล้เคียง
    ผู้แต่ง [โทลา, โจเซ่]

    หัวเรื่อง [แร่]

BibComment


ยังไม่เคยถูกคอมเมนท์

คอมเมนท์ทรัพยากรรายการนี้
  คอมเมนท์: แร่ และ ซากดึกดำบ..


 Copyright 2026. Bcnsprnw @Library